| 000 | 00755nam a2200205 i 4500 | ||
|---|---|---|---|
| 001 | 64758 | ||
| 003 | ES-MaACL | ||
| 005 | 20250823095258.0 | ||
| 007 | t| | ||
| 008 | 040105s1946 sp ||||1| spa d | ||
| 100 | 1 |
_aForns, José. _951793 |
|
| 245 | 1 | 3 |
_aLo popular y lo culto en la música española : _b[conferencia pronunciada en la Escuela Social de Madrid el día 24 de enero de 1946] / _cpor José Forns. |
| 260 |
_aMadrid : _b[Escuela Social de Madrid], _c1946 ( _fLa Normal) |
||
| 300 |
_a27 p. ; _c24 cm. |
||
| 594 | _aPrecede al tít.: Ministerio de Trabajo. Escuela Social de Madrid. | ||
| 650 | 7 |
_aMúsica española _2embne _9136569 |
|
| 710 | 2 |
_aEscuela Social de Madrid. _93593 |
|
| 852 |
_aES-MaACL _j1864-F-4 |
||
| 999 |
_c64758 _d64758 |
||